| 000 | 01456cam a2200361 i 4500 | ||
|---|---|---|---|
| 001 | 54344 | ||
| 003 | Mx-PuUPA | ||
| 005 | 20260220100005.0 | ||
| 008 | 140415s2002 mx a gr 000 0 spa d | ||
| 020 | _a9789688606537 | ||
| 040 |
_aMx-PuUPA _bspa _cMx-PuUPA _dMx-PuUPA _erda |
||
| 041 | 1 |
_aspa _heng |
|
| 043 | _an-us--- | ||
| 100 | 1 |
_aSatir, Virginia, _d1916-1988 _911431 _eautor |
|
| 240 | 1 | 4 |
_aThe new peoplemaking. _lEspañol |
| 245 | 1 | 0 |
_aNuevas relaciones humanas en el núcleo familiar / _cVirginia Satir ; traducción, José Ignacio Rodríguez y Martínez |
| 250 | _aSegunda edición | ||
| 264 | 1 |
_aMéxico, D.F. : _bEditorial Pax México : Librería Carlos Cesarman, _c©2002 |
|
| 300 |
_a403 páginas : _bilustraciones ; _c21 cm |
||
| 336 |
_2rdacontent _atexto _btxt |
||
| 336 |
_2rdamedia _aimagen fija _bsti |
||
| 337 |
_2rdamedia _asin medio _bn |
||
| 338 |
_2rdacarrier _avolumen _bnc |
||
| 650 | 7 |
_2armarc _aFamilias _zEstados Unidos _xAspectos psicológicos |
|
| 650 | 7 |
_2armarc _aComunicación familiar _zEstados Unidos |
|
| 650 | 7 |
_2armarc _aPadres e hijos _zEstados Unidos |
|
| 650 | 7 |
_2armarc _aRelaciones interpersonales |
|
| 700 | 1 |
_aRodríguez y Martínez, José Ignacio, _etraductor |
|
| 765 | 0 |
_aSatir, Virginia, 1916-1988 _dPalo Alto, California : Sciencie and Behavior Books, ©1976 _tThe new peoplemaking. |
|
| 942 |
_2ddc _cLI _h306.850973 _iS2518 |
||
| 999 |
_c54344 _d54344 |
||